000 00392nam a22001337a 4500
082 _a947.081
_bCAL
100 _aCallwell, Major C.E
_950225
245 _aThe effort of maritime command on land campaigns since waterloo
260 _aLondon
_bWilliam Black wood and sons
300 _axv, 380 p;
_bill
526 _a0
_b0
_c0
_d947_081000000000000_CAL
650 _amce
_9379
942 _2ddc
_cBK
999 _c552949
_d552949